000 00236nam a2200097Ia 4500
008 240331s9999 xx 000 0 und d
082 _bLIB
100 _aCSR. ed
245 4 _aThe liberation of the village :
_bLogos Vol.15,Nos.3
942 _cL
999 _c2232
_d2232